000 00575nam a2200181Ia 4500
008 090630s9999 xx 000 0 und d
082 _b17781
100 _aकणेकर शिरिष.
245 _aयादों की बारात.
_cकणेकर शिरिष.
260 _b---
_c1998
300 _a248
600 _aकणेकर शिरिष.
630 _aयादों की बारात.
655 _aइतर.
700 _aकणेकर शिरिष.
730 _aयादों की बारात.
942 _cBOOK
999 _c269637
_d269637